Смещение зон относительного покоя в многоконтурных передачах гибкой связью "шкив - гибкий рабочий орган - ленточная пила"; Известия Томского политехнического университета [Известия ТПУ]; Т. 307, № 6

Bibliographische Detailangaben
Parent link:Известия Томского политехнического университета [Известия ТПУ]/ Томский политехнический университет (ТПУ).— , 2000-
Т. 307, № 6.— 2004.— [С. 112-115]
1. Verfasser: Кондратюк А. А. Алексей Алексеевич
Weitere Verfasser: Шилько В. К.
Zusammenfassung:Заглавие с титульного листа
Электронная версия печатной публикации
Рассмотрены процессы и явления, происходящие в многоконтурной передаче гибкой связью "шкив - гибкий рабочий орган - ленточная пила", а также случай смещения зон относительного покоя. Приведены аналитические зависимости для определения длины зон относительного скольжения и дан их сравнительный анализ с экспериментальными данными, а также с другими типами многоконтурных передач гибкой связью.
Sprache:Russisch
Veröffentlicht: 2004
Schriftenreihe:Технические науки
Schlagworte:
Online-Zugang:http://www.lib.tpu.ru/fulltext/v/Bulletin_TPU/2004/v307/i6/26.pdf
Format: Elektronisch Buchkapitel
KOHA link:https://koha.lib.tpu.ru/cgi-bin/koha/opac-detail.pl?biblionumber=169915

MARC

LEADER 00000nla2a2200000 4500
001 169915
005 20231031163544.0
035 |a (RuTPU)RU\TPU\book\184282 
035 |a RU\TPU\book\184281 
090 |a 169915 
100 |a 20091118d2004 k y0rusy50 ca 
101 0 |a rus 
102 |a RU 
135 |a drnn ---uucaa 
181 0 |a i  
182 0 |a b 
200 1 |a Смещение зон относительного покоя в многоконтурных передачах гибкой связью "шкив - гибкий рабочий орган - ленточная пила"  |b Электронный ресурс  |f А. А. Кондратюк, В. К. Шилько 
203 |a Текст  |c электронный 
215 |a 1 файл (356 Кб) 
225 1 |a Технические науки 
230 |a Электронные текстовые данные (1 файл : 356 Кб) 
300 |a Заглавие с титульного листа 
300 |a Электронная версия печатной публикации 
320 |a [Библиогр.: с. 115 (5 назв.)] 
330 |a Рассмотрены процессы и явления, происходящие в многоконтурной передаче гибкой связью "шкив - гибкий рабочий орган - ленточная пила", а также случай смещения зон относительного покоя. Приведены аналитические зависимости для определения длины зон относительного скольжения и дан их сравнительный анализ с экспериментальными данными, а также с другими типами многоконтурных передач гибкой связью. 
337 |a Adobe Reader 
461 1 |0 (RuTPU)RU\TPU\book\176237  |t Известия Томского политехнического университета [Известия ТПУ]  |f Томский политехнический университет (ТПУ)  |d 2000- 
463 1 |0 (RuTPU)RU\TPU\book\184225  |t Т. 307, № 6  |v [С. 112-115]  |d 2004  |p 191  
610 1 |a смещение 
610 1 |a зоны 
610 1 |a покой 
610 1 |a многоконтурные передачи 
610 1 |a гибкие связи 
610 1 |a процессы 
610 1 |a явления 
610 1 |a шкив-ленточная пила 
610 1 |a аналитические зависимости 
610 1 |a длины 
610 1 |a скольжение 
610 1 |a сравнительный анализ 
610 1 |a экспериментальные данные 
610 1 |a труды учёных ТПУ 
610 1 |a электронный ресурс 
700 1 |a Кондратюк  |b А. А.  |c доцент каф. материаловедения в машиностроении (ММС) МСФ, ТПУ  |c кандидат технических наук  |f 1953-  |g Алексей Алексеевич  |2 stltpush  |3 (RuTPU)RU\TPU\pers\25464 
701 1 |a Шилько  |b В. К. 
801 1 |a RU  |b 63413507  |c 20090623  |g PSBO 
801 2 |a RU  |b 63413507  |c 20210728  |g PSBO 
856 4 |u http://www.lib.tpu.ru/fulltext/v/Bulletin_TPU/2004/v307/i6/26.pdf 
942 |c CF